000 00474nam a2200181Ia 4500
001 2141
005 20260306143820.0
008 260306t2017||||xx |||||||||||||| ||spa||
041 _aESP
082 _a615.547
_bD12
100 _aDa Silva Rodrigues, Charles Ysaacc
_eAUT
245 0 _aEnvejecimiento:
_bevaluación e interpretación psicológica
260 _c2017
300 _axi, 130 páginas :
_c23 cm.
650 _aGEN
654 _aCPS
942 _cLIB
_dJUS
_fJUS
_2ddc
_n
999 _c2141
_d2141